中国没有内河码头泊位(生产用)的省级行政区 China provinces without inland berth - Statistics

General Stats
  • This quiz has been taken 81 times
  • The average score is 5 of 9
Answer Stats
省级行政区 % Correct
无沿海泊位 新疆
89%
无沿海泊位 西藏
85%
无沿海泊位 内蒙古
80%
无沿海泊位 宁夏
77%
无沿海泊位 青海
76%
有沿海泊位 河北
33%
有沿海泊位 天津
29%
有沿海泊位 海南
27%
无沿海泊位 北京
17%
No matching quizzes found
Score Distribution
Percent of People with Each Score
Percentile by Number Answered
Your Score History
You have not taken this quiz